The family first. (Record no. 13235)

000 -LEADER
fixed length control field 00549nam a2200181 a 4500
001 - CONTROL NUMBER
control field :::00011053$&:&@@
003 - CONTROL NUMBER IDENTIFIER
control field OkBaRHE
005 - DATE AND TIME OF LATEST TRANSACTION
control field 20000607103405.0
008 - FIXED-LENGTH DATA ELEMENTS--GENERAL INFORMATION
fixed length control field s1972 j 000 0 eng u
040 ## - CATALOGING SOURCE
Transcribing agency
100 1# - MAIN ENTRY--PERSONAL NAME
Personal name Gangel, Kenneth O.
245 14 - TITLE STATEMENT
Title The family first.
260 ## - PUBLICATION, DISTRIBUTION, ETC. (IMPRINT)
Place of publication, distribution, etc Minneapolis, MN., :
Name of publisher, distributor, etc His International Service
Date of publication, distribution, etc c1972
300 ## - PHYSICAL DESCRIPTION
Extent 139 p. ;
Dimensions 19 cm.
650 ## - SUBJECT ADDED ENTRY--TOPICAL TERM
Topical term or geographic name as entry element Family
General subdivision Religious Life
942 ## - ADDED ENTRY ELEMENTS (KOHA)
Source of classification or shelving scheme
Koha item type Books
Copies
Damaged status Not for loan Permanent Location Withdrawn status Full call number Source of classification or shelving scheme Copy number Lost status Date last seen Barcode Koha item type Shelving location Date acquired Price effective from
  RHEMA Bible Training College BV 4526.2 .G35 1 2010-04-1411053BooksGeneral Stacks2010-04-142010-04-14